Catálogo

Vista normal Vista MARC

Entrada Personal Name

Número de registros utilizados en: 1

001 - CONTROL NUMBER

  • control field: 17139

003 - CONTROL NUMBER IDENTIFIER

  • control field: DLC

005 - DATE AND TIME OF LATEST TRANSACTION

  • control field: 20250603143058.0

008 - FIXED-LENGTH DATA ELEMENTS

  • fixed length control field: 800402n| azannaabn |n aaa

010 ## - LIBRARY OF CONGRESS CONTROL NUMBER

  • LC control number: n 80017603

035 ## - SYSTEM CONTROL NUMBER

  • System control number: (OCoLC)oca00400017

040 ## - CATALOGING SOURCE

  • Original cataloging agency: DLC
  • Language of cataloging: spa
  • Description conventions: rda
  • Transcribing agency: Mx-PuUPA
  • Modifying agency: DLC
  • Modifying agency: OCoLC
  • Modifying agency: Mx-PuUPA

046 ## - SPECIAL CODED DATES

  • Birth date: 19210624
  • Death date: 20160513
  • Source of date scheme: edtf

100 1# - HEADING--PERSONAL NAME

  • Personal name: Leclerc, Éloi,
  • Dates associated with a name: 1921-2016

370 ## - ASSOCIATED PLACE

  • Place of death: Saint-Servan, Saint-Malo, Francia

373 ## - ASSOCIATED GROUP

  • Associated group: Instituto Católico de París

374 ## - OCCUPATION

  • Occupation: Autor

375 ## - GENDER

  • Gender: hombre

377 ## - ASSOCIATED LANGUAGE

  • Language code: fre

670 ## - SOURCE DATA FOUND

  • Source citation: His Wisdom of the Poverello, 1961.

670 ## - SOURCE DATA FOUND

  • Source citation: His François d'Assise, c1981:
  • Information found: t.p. (Eloi Leclerc, o.f.m.)

670 ## - SOURCE DATA FOUND

  • Source citation: Bn Opale, 2019-01-22
  • Information found: (Leclerc, Éloi (1921-2016) ; Pays : France Langue(s) : français; Sexe : Masculin Responsabilité(s) exercée(s) sur les documents: Auteur; Naissance: 1921-06-24, Landerneau (Finistère) Mort : 2016-05-13, Saint-Malo (Ille-et-Vilaine); Franciscain)